[Event "77th GEO-ch Supreme League 2018"]
[Site "Tbilisi"]
[Date "2018.01.23"]
[Round "3.2"]
[White "Quparadze, Giga"]
[Black "Jojua, Davit"]
[Result "1/2-1/2"]
[WhiteElo "2499"]
[BlackElo "2586"]
[Annotator "TA"]
[PlyCount "89"]
[EventDate "2018.??.??"]
[EventType "k.o."]
[EventCountry "GEO"]
[SourceTitle "playchess.com"]
[Source "ChessBase"]
[SourceQuality "1"]

{[%evp 12,89,30,21,33,11,16,0,0,-6,39,15,9,0,6,0,0,0,0,0,0,0,0,0,0,0,0,0,12,15,37,21,28,19,32,14,16,14,18,-27,-26,-16,52,14,11,10,22,16,21,19,40,38,43,43,54,47,68,38,40,40,40,24,24,25,25,7,20,20,20,0,0,0,0,0,0,0,6,6,13,0]} 1. e4 c5 2. Nf3 Nc6 3. Bb5 Nf6 4. e5 Nd5 5. O-O Nc7 6. Bxc6 dxc6 7. d3 {LiveBook: 5 Games. B30: Sicilian: 2...Nc6 3 Bb5, lines without ...g6} (7. h3 g6 8. Re1 Bg7 9. d3 b6 10. a3 O-O 11. b4 Ne6 12. Be3 cxb4 13. axb4 Qc7 14. Nbd2 c5 15. bxc5 Nxc5 {1-0 (63) Onischuk,V (2601)-Zubarev,A (2506) Lutsk 2017}) 7... Bf5 8. Be3 $146 ({Predecessor:} 8. Nh4 e6 9. Nxf5 exf5 10. Nd2 Ne6 11. Nc4 Qc7 12. f4 h5 13. a4 Be7 14. a5 g6 {0-1 (44) Rozycki,B (2041)-Alvarado Rodriguez,C (2203) Warsaw 2013}) 8... e6 9. Nbd2 Be7 10. Ne4 b6 11. Nfd2 (11. c4 {looks sharper.} h6 12. Qe2 Qd7 13. h3 O-O 14. Bf4) 11... Nd5 12. Qe2 (12. Qf3 {is more complex.} O-O 13. Rfe1 Nb4 14. Rec1 Nd5 15. Nc4) 12... Nxe3 13. fxe3 O-O 14. Qf3 Qc7 15. Qf4 Rad8 16. a4 Bg6 17. Nc3 f6 18. Nf3 fxe5 19. Qxe5 Qxe5 20. Nxe5 Rxf1+ 21. Rxf1 Be8 22. Ne4 Rd5 23. Nc4 (23. Nf3 {seems wilder.} Bg6 24. Ned2 Bf6 25. e4 Rd8 26. e5) 23... Bg6 24. Nc3 Rd8 25. b3 Bf6 26. Ne2 Bh5 ({Black should play} 26... b5 $11 27. Na5 Rc8) 27. Nf4 (27. Ng3 $5 {[%cal Rg3h5]} Bg6 28. Nd2 $11) 27... Bf7 28. Nd2 h6 29. Ne4 Be5 30. h4 (30. Nh3 {feels hotter.} Kf8 31. Nhf2 Ke7 32. Nd2 g5 33. g4) 30... Bd6 31. Nxd6 Rxd6 $14 {[%mdl 4096] Endgame KRB-KRN} 32. Ne2 Bg6 33. e4 e5 34. Nc3 Rd8 35. Nd1 Rf8 36. Re1 Bf7 37. Ne3 Be6 38. Nf1 Kf7 {The position is equal.} 39. Nd2 Ke7 40. g3 Kd6 41. Kg2 h5 42. Nf1 g6 43. Nd2 Rf7 44. Rb1 Rf8 45. Re1 {Precision: White = 59%, Black = 54%.} 1/2-1/2

[Event "77th GEO-ch Supreme League 2018"]
[Site "Tbilisi"]
[Date "2018.01.25"]
[Round "4.1"]
[White "Jojua, Davit"]
[Black "Mchedlishvili, Mikheil"]
[Result "1/2-1/2"]
[WhiteElo "2586"]
[BlackElo "2602"]
[Annotator "TA"]
[PlyCount "43"]
[EventDate "2018.??.??"]
[EventType "k.o."]
[EventCountry "GEO"]
[SourceTitle "playchess.com"]
[Source "ChessBase"]
[SourceQuality "1"]

{[%evp 21,43,18,18,11,25,32,22,32,40,28,40,35,41,29,36,6,0,0,0,0,0,0,0,0]} 1. d4 Nf6 2. c4 e6 3. Nf3 d5 4. Nc3 Bb4 5. cxd5 exd5 6. Bg5 O-O 7. e3 h6 {D38: Queen's Gambit Declined: Ragozin Defence (4 Nf3 Bb4)} 8. Bh4 Bf5 9. Qb3 Bxc3+ 10. bxc3 Nbd7 11. Be2 c5 {LiveBook: 9 Games} 12. dxc5 g5 13. Nd4 $146 ({Predecessor:} 13. Bg3 Nxc5 14. Qb4 Nfe4 15. O-O {½-½ (35) Aronian,L (2801)-Wojtaszek,R (2737) Heraklio 2017}) 13... Bg6 14. c6 gxh4 15. cxd7 (15. cxb7 Rb8 $17) 15... Qxd7 16. h3 Rac8 17. O-O Ne4 18. Rfc1 Rc5 {The position is equal.} 19. Qa3 {Hoping for f3.} Qc7 20. Nb3 (20. Qxa7 Nxf2 $1 {[%mdl 512]} 21. Rf1 (21. Kxf2 $2 Ra5 $19) 21... Nxh3+ $1 {[%mdl 512]} 22. Kh1 Ng5 $19) 20... Rc6 {Threatens to win with ...Nxf2!} (20... Nxc3 $6 21. Bf1 $16) 21. Nd4 Rc5 22. Nb3 {Precision: White = 76%, Black = 81%.} ({Don't play} 22. Qxa7 {[#]} Nxf2 $1 {[%mdl 512]} 23. Nf3 (23. Kxf2 $2 Ra5 $19) 23... Ne4 $19) 1/2-1/2

[Event "77th GEO-ch Supreme League 2018"]
[Site "Tbilisi"]
[Date "2018.01.25"]
[Round "4.1"]
[White "Quparadze, Giga"]
[Black "Sanikidze, Tornike"]
[Result "0-1"]
[WhiteElo "2499"]
[BlackElo "2525"]
[Annotator "TA"]
[PlyCount "88"]
[EventDate "2018.??.??"]
[EventType "k.o."]
[EventCountry "GEO"]
[SourceTitle "playchess.com"]
[Source "ChessBase"]
[SourceQuality "1"]

{[%evp 21,88,16,20,10,12,12,12,0,19,6,6,0,18,18,12,17,52,52,52,52,73,72,72,63,125,125,125,113,122,117,115,113,165,165,165,165,165,160,217,217,217,222,226,230,394,379,375,202,735,752,685,689,531,102,108,108,108,-8,-8,-29975,-29976,-29976,-29976,-29970,-29976,-29974,-29975,-29986,-29987]} 1. e4 e5 2. Nf3 Nc6 3. Bb5 Nf6 4. O-O Nxe4 5. d4 Nd6 6. Bxc6 dxc6 7. dxe5 Nf5 8. Qxd8+ Kxd8 9. Rd1+ Ke8 10. h3 {C67: Spanische Partie (Berliner Verteidigung)} (10. Nc3 Be7 11. Ne2 Nh4 12. Nxh4 Bxh4 13. Be3 Be7 14. a4 h5 15. a5 h4 16. Nd4 Rh5 17. a6 Rxe5 18. Bf4 Rd5 {½-½ (59) Vachier Lagrave,M (2796)-So,W (2812) Paris 2017}) 10... Be7 11. Nc3 Be6 {LiveBook: 9 Partien} 12. g4 {Die Stellung ist ausgeglichen.} Nh4 13. Nxh4 Bxh4 14. Kg2 $146 ({Vorgänger:} 14. Ne2 Bd5 15. Be3 Bf3 16. Rd2 c5 17. Ng3 g6 18. Bxc5 h5 19. gxh5 Bxg3 20. fxg3 Rxh5 21. Rf1 Bc6 22. h4 {½-½ (22) Grigoryev,V (2497)-Ljubicic,L (2592) ICCF email 2016}) 14... Rd8 15. Be3 b6 16. f3 Be7 17. Ne2 $36 {[%mdl 2048] Schwarz steht unter Druck.} c5 18. Nf4 a5 19. Rxd8+ Kxd8 20. Rd1+ Kc8 21. Nxe6 fxe6 $16 {[%mdl 4096] Endspiel KTL-KTL} 22. a4 Rd8 (22... h5 $14) 23. Rxd8+ Kxd8 {KL-KL} 24. c4 Ke8 25. f4 Kf7 26. Kg3 c6 (26... Kg6 $16) 27. h4 $18 Bd8 28. b3 Be7 29. h5 Bd8 (29... g6 $16 30. Kf3 Bh4) 30. Bf2 g5 31. hxg6+ $1 hxg6 32. Kh3 $1 Bc7 $2 (32... g5 33. f5 Bc7) 33. Bh4 Ke8 34. Bf6 Kf8 $2 (34... Kf7 35. Kh4 b5) 35. Kh4 Kg8 36. Kg5 Kf7 37. f5 $2 (37. Kh6 $18 {ist der präzise Gewinnweg.} b5 38. Bh4 (38. cxb5 cxb5 39. axb5 Bb6 $11)) 37... gxf5 $16 38. gxf5 b5 39. cxb5 (39. axb5 cxb5 40. cxb5 c4 $1 $19 {[%mdl 512]}) (39. Kf4 $16) 39... cxb5 $11 {Und weiter mit ...c4 wäre nett.} 40. axb5 $2 {[%mdl 8192] [#]} (40. Kf4 $11) 40... c4 $1 {[%cal Rc4b3][%mdl 512] Schwarz setzt Matt.} 41. bxc4 a4 {[%cal Ba5a4,Ba4a3,Ba3a2][%mdl 32]} 42. c5 {[#]} Ba5 $1 43. b6 a3 44. Bd8 a2 {Precision: Weiß = 63%, Schwarz = 51%.} 0-1

[Event "77th GEO-ch Supreme League 2018"]
[Site "Tbilisi"]
[Date "2018.01.26"]
[Round "4.2"]
[White "Mchedlishvili, Mikheil"]
[Black "Jojua, Davit"]
[Result "1/2-1/2"]
[WhiteElo "2602"]
[BlackElo "2586"]
[Annotator "TA"]
[PlyCount "39"]
[EventDate "2018.??.??"]
[EventType "k.o."]
[EventCountry "GEO"]
[SourceTitle "playchess.com"]
[Source "ChessBase"]
[SourceQuality "1"]

{[%evp 29,39,14,21,14,17,25,25,14,16,6,33,21]} 1. Nf3 Nf6 2. g3 d5 3. Bg2 e6 4. O-O Be7 5. c4 O-O 6. d4 dxc4 7. Qc2 a6 8. a4 Bd7 9. Qxc4 Bc6 10. Bg5 a5 11. Nc3 Ra6 {E05: Open Catalan: 5 Nf3 Be7} 12. e3 Rb6 13. Qe2 Nbd7 14. Rfd1 Bxf3 15. Bxf3 c6 {LiveBook: 4 Games} 16. Qc2 Ne8 17. Bxe7 Qxe7 {[#]} 18. Rab1 $146 ({Predecessor:} 18. Na2 Nef6 19. Qc3 {½-½ (41) Nakamura,H (2793)-Aronian,L (2788) London 2015}) 18... Nef6 19. Kg2 h6 20. b3 1/2-1/2

[Event "77th GEO-ch Supreme League 2018"]
[Site "Tbilisi"]
[Date "2018.01.26"]
[Round "4.2"]
[White "Sanikidze, Tornike"]
[Black "Quparadze, Giga"]
[Result "1/2-1/2"]
[WhiteElo "2525"]
[BlackElo "2499"]
[Annotator "TA"]
[PlyCount "29"]
[EventDate "2018.??.??"]
[EventType "k.o."]
[EventCountry "GEO"]
[SourceTitle "playchess.com"]
[Source "ChessBase"]
[SourceQuality "1"]

{[%evp 9,29,25,30,10,42,49,220,211,220,221,217,226,220,219,224,231,232,227,237,218,223,238]} 1. d4 {[%cal Bd2d4,Bd4d5][%mdl 32]} Nf6 2. c4 e6 3. Nf3 c5 4. d5 b5 5. e4 Nxe4 6. Bd3 {E10: Blumenfeld Gambit} Nd6 (6... Nf6 {is interesting.} 7. Nc3 bxc4 8. Bxc4 Ba6 9. b3 exd5 10. Nxd5 Bxc4 11. bxc4 Be7) (6... Nf6 7. O-O Bb7 8. Nc3 Be7 9. Nxb5 exd5 10. cxd5 d6 11. Nh4 O-O 12. Nf5 a6 13. Nc3 {½-½ (44) Vitiugov,N (2724)-Kvon,A (2500) Helsingor 2017}) 7. cxb5 exd5 $146 (7... Bb7 $14) ({Predecessor:} 7... Bb7 8. Nc3 Be7 9. O-O exd5 10. Re1 d4 11. Bf4 O-O 12. Bxh7+ Kxh7 13. Rxe7 Qxe7 {1-0 (34) Ziegler,A (2330)-Hauge,L (2439) Stockholm 2018}) 8. O-O $18 {White is clearly better.} Be7 9. Re1 O-O 10. Nc3 Bb7 {[#]} 11. Nxd5 $1 {[%mdl 512]} Bxd5 {[#]} 12. Bxh7+ $1 {[%mdl 512]} Kxh7 13. Qxd5 Nc6 14. bxc6 dxc6 15. Qxc5 1/2-1/2

[Event "77th GEO-ch Supreme League 2018"]
[Site "Tbilisi"]
[Date "2018.01.27"]
[Round "4.3"]
[White "Mchedlishvili, Mikheil"]
[Black "Jojua, Davit"]
[Result "1-0"]
[WhiteElo "2602"]
[BlackElo "2586"]
[Annotator "TA"]
[PlyCount "111"]
[EventDate "2018.??.??"]
[EventType "k.o."]
[EventCountry "GEO"]
[SourceTitle "playchess.com"]
[Source "ChessBase"]
[SourceQuality "1"]

{[%evp 22,111,6,15,24,11,8,-19,-14,-15,0,0,-7,-3,0,-10,0,-5,0,0,0,-18,5,0,29,23,27,0,4,8,3,5,11,25,49,2,5,7,27,35,53,49,59,55,67,70,75,41,49,52,59,59,59,59,66,54,72,59,104,73,91,72,130,133,157,160,158,164,164,163,156,145,167,166,437,427,508,487,856,856,836,760,5081,3722,12000,11341,29975,29976,29980,29981,29977,29975]} 1. d4 d5 2. c4 e6 3. Nc3 Be7 4. cxd5 exd5 5. Bf4 c6 6. e3 Bf5 7. g4 Be6 8. h3 Nd7 {D31: Queen's Gambit Declined: Semi-Slav without ...Nf6 (+ Marshall Gambit and Noteboom) and Exchange Variation lines without ...Nf6} 9. Bd3 g5 10. Bh2 h5 11. f3 Ngf6 12. Qc2 {LiveBook: 3 Games} Nb6 13. O-O-O Bd6 {[#]} 14. Qg2 $146 ({Predecessor:} 14. Bxd6 Qxd6 15. Nge2 hxg4 16. hxg4 {0-1 (38) Fier,A (2614)-Azarov,S (2577) Czech Republic 2016}) 14... Bxh2 15. Rxh2 Qc7 16. Rh1 O-O-O 17. Nge2 Kb8 18. Qg3 Rde8 19. b3 Nc8 20. Qxc7+ Kxc7 21. Kd2 Ne7 22. Rdg1 Ng6 23. Bxg6 fxg6 24. Nd1 Ref8 25. Nc1 Nd7 26. Ke2 Rf7 27. Nd3 a5 28. gxh5 Rxh5 29. Rg3 Rfh7 {[%cal Re6h3]} 30. N1f2 Bf5 31. Rhg1 Bxh3 32. Rxg5 Rxg5 33. Rxg5 Nf8 34. Ne5 Bf5 35. e4 dxe4 36. fxe4 Bd7 ({But not} 36... Ne6 37. Rg1 $16) 37. Ke3 Be8 38. Rg3 Nd7 39. Nf3 a4 40. bxa4 {[%cal Bb3a4,Ba4a5][%mdl 32]} Nb6 41. Ng4 Rh1 (41... Nxa4 $142 42. Nf6 Rh8) 42. Nf6 $16 Bf7 43. Ne5 Bxa2 {[#]} 44. a5 $1 {[%cal Ra5b6]} ({Resist} 44. Rxg6 Nxa4 45. Ne8+ Kd8 $14) 44... Nc4+ 45. Nxc4 Bxc4 46. Rxg6 $18 {[%mdl 4096] Endgame KRB-KRN} Ra1 47. Rg7+ Kc8 $2 {[#]} (47... Kd8 48. Rxb7 Rxa5) 48. Ne8 Ba6 49. Nd6+ Kd8 (49... Kb8 $142 50. e5 Rh1) 50. e5 {[%cal Be4e5,Be5e6][%mdl 32]} Rd1 51. Nxb7+ Bxb7 52. Rxb7 Ra1 53. Ra7 Ra4 54. a6 {White mates.} Kc8 55. e6 Kd8 56. Kd3 {Precision: White = 79%, Black = 44%.} 1-0

[Event "77th GEO-ch Supreme League 2018"]
[Site "Tbilisi"]
[Date "2018.01.27"]
[Round "4.3"]
[White "Jojua, Davit"]
[Black "Mchedlishvili, Mikheil"]
[Result "1/2-1/2"]
[WhiteElo "2586"]
[BlackElo "2602"]
[Annotator "TA"]
[PlyCount "129"]
[EventDate "2018.??.??"]
[EventType "k.o."]
[EventCountry "GEO"]
[SourceTitle "playchess.com"]
[Source "ChessBase"]
[SourceQuality "1"]

{[%evp 20,129,7,4,29,25,35,31,38,35,34,37,43,32,97,93,96,87,87,87,88,94,86,70,120,48,57,55,96,106,103,56,55,56,57,46,54,50,57,54,65,74,70,0,0,0,0,-52,0,0,15,22,31,24,38,29,40,40,43,45,87,81,65,58,78,45,126,84,88,82,78,68,98,87,86,89,85,83,94,15,124,117,128,127,168,162,159,147,117,118,148,121,123,8,70,12,70,70,122,122,122,155,124,0,120,120,125,14,14,0,0,0]} 1. d4 Nf6 2. Nf3 g6 3. Bf4 Bg7 4. e3 O-O 5. Be2 c5 6. c3 b6 7. h3 Bb7 8. O-O d6 9. a4 {A48: 1 d4 Nf6 2 Nf3 g6: Torre, London and Colle Systems} (9. Bh2 Nbd7 10. a4 a6 11. Nbd2 Ne4 12. Qb3 Nxd2 13. Nxd2 Qc7 14. Rfd1 Rab8 15. Qa3 Rfc8 16. Bf1 Nf6 17. c4 a5 18. d5 Re8 19. Nb1 {½-½ (54) Tomashevsky,E (2731)-Svidler,P (2745) Moscow 2016}) 9... a6 10. Qb3 Nbd7 11. Rd1 {LiveBook: 7 Games} Ra7 12. d5 Qa8 {[%cal Rb7d5]} 13. c4 $1 b5 $1 {[#]} 14. axb5 $146 ({Predecessor:} 14. Nc3 bxc4 15. Bxc4 Rb8 16. Qa2 Nb6 17. Bb3 a5 18. e4 Ba6 19. e5 Ne8 20. exd6 exd6 21. Nd2 c4 22. Bc2 Bxc3 23. bxc3 {1-0 (23) Burmakin,V (2585)-Valles,M (2354) Lille 2015}) 14... axb5 15. Rxa7 Qxa7 16. cxb5 ({Of course not} 16. Qxb5 Rb8 $15) 16... Ra8 (16... Nb6 $14) 17. Nc3 $16 Qa5 18. e4 Qb4 19. Qc2 Nb6 20. Bc1 Nfd7 21. Ne1 Ra1 22. Nd3 (22. Bd2 $16 Qa5 23. Nf3) 22... Qa5 $1 $14 23. Bg5 Kf8 24. Rxa1 Qxa1+ 25. Qc1 Qxc1+ 26. Nxc1 e6 27. dxe6 fxe6 28. f3 d5 29. Nb3 $1 c4 {...Bxc3 is the strong threat.} 30. Na5 Ba8 31. exd5 (31. Kf2 $14) 31... exd5 $11 32. Nd1 Nc5 33. Bd8 (33. Be3 $11 Nba4 34. Bf1) 33... Bd4+ (33... Nba4 $15) 34. Kf1 $1 Ne6 35. Bh4 $1 Ke8 36. Bf2 $36 {[%mdl 2048] Black is under pressure.} Kd7 37. b3 {[%cal Rb3c4]} Bxf2 38. Kxf2 {[%cal Rb3c4]} cxb3 39. Nxb3 Kd6 40. Ne3 Bb7 41. Nc2 Ke5 42. Nb4 d4 ({Better is} 42... Kd6 $14) 43. Nd3+ Kd6 44. Na5 Bd5 45. Nb4 Ba8 46. g3 Kc5 47. Na6+ Kd6 48. f4 Be4 49. Nb4 (49. Nb3 $16) 49... g5 (49... Kc5 $11 {remains equal.} 50. Na6+ Kd6) 50. fxg5 $1 $16 Nxg5 51. h4 Nf7 {[#]} 52. Nb3 $1 Ke5 53. Nc6+ Bxc6 54. bxc6 {[%mdl 4096] Endgame KBN-KNN} Nd6 55. Ba6 Nd5 56. g4 (56. Na5 $16) 56... h6 (56... Kf4 $11) 57. Ke2 (57. Kf3 $14) 57... Nc7 (57... Kf4 $11) 58. Bd3 $14 Ne6 (58... Kd5 $14) 59. Kf3 $16 Kd5 60. Bf5 Nc7 61. Bd3 Ne6 {[#]} 62. Na5 $1 Kc5 {[#]} 63. g5 $1 {[%mdl 512]} hxg5 $11 64. hxg5 Nxg5+ 65. Ke2 {Precision: White = 55%, Black = 54%.} 1/2-1/2